[Event "41. Torneo de Ajedrez Villa de Mislata"]
[Site "Mislata ESP"]
[Date "2007.08.23"]
[Round "2.8"]
[White "Martínez Piqueras, Carlos"]
[Black "Gongora Reyes, Maikel"]
[Result "0-1"]
[WhiteElo "2090"]
[BlackElo "2425"]
[PlyCount "60"]
[EventDate "2007.08.23"]
[EventType "swiss"]
[EventRounds "9"]
[EventCountry "ESP"]
[Source "lmi"]
[SourceDate "2007.08.23"]

1. d4 Nf6 2. c4 e6 3. g3 d5 4. Bg2 dxc4 5. Nf3 Nc6 6. Qa4 Bb4+ 7. Bd2 Nd5 8.
Bxb4 Ndxb4 9. O-O Rb8 10. Na3 O-O 11. Qb5 b6 12. Qxc4 a5 13. Nb5 Ba6 14. a3 Na7
15. axb4 Bxb5 16. Qc2 Nc6 17. bxa5 Nxa5 18. Rfc1 Rc8 19. e3 c5 20. dxc5 Rxc5
21. Qd1 Rxc1 22. Rxc1 Qe7 23. Nd4 Bd7 24. Rc7 Qd6 25. Qc2 e5 26. Nf3 Bf5 27.
Qxf5 Qxc7 28. Nxe5 g6 29. Qf6 Qd8 30. Ng4 Qd1+ 0-1

[Event "41. Torneo de Ajedrez Villa de Mislata"]
[Site "Mislata ESP"]
[Date "2007.08.23"]
[Round "2.9"]
[White "Engo Pardo, Javier"]
[Black "Mellado Triviño, Joan"]
[Result "0-1"]
[WhiteElo "2072"]
[BlackElo "2389"]
[PlyCount "104"]
[EventDate "2007.08.23"]
[EventType "swiss"]
[EventRounds "9"]
[EventCountry "ESP"]
[Source "lmi"]
[SourceDate "2007.08.23"]

1. d4 d5 2. c4 dxc4 3. Nf3 c5 4. e3 cxd4 5. exd4 Be6 6. Nc3 Nf6 7. Qa4+ Nc6 8.
Bxc4 Bxc4 9. Qxc4 e6 10. O-O Be7 11. Bg5 O-O 12. Rad1 Rc8 13. Qe2 Nd5 14. Ne4
Bxg5 15. Nfxg5 h6 16. Nf3 Qa5 17. a3 Rfd8 18. g3 Nde7 19. Rd2 Qh5 20. Rfd1 Na5
21. Kg2 Qd5 22. Nc3 Qc4 23. Qe4 Nd5 24. Nxd5 Qxd5 25. Qf4 Nc4 26. Re2 Qb5 27.
Ne5 Nxe5 28. Qxe5 Rd5 29. Qe3 Qa4 30. Red2 b5 31. Rd3 a5 32. R1d2 b4 33. axb4
axb4 34. h4 Rc1 35. Qe2 Qd7 36. b3 Qc6 37. Qe4 Qa6 38. Rd1 Rc2 39. R3d2 Rc3 40.
Rd3 Qb6 41. Ra1 f5 42. Qe3 Rxd3 43. Ra8+ Kh7 44. Qxd3 Rxd4 45. Qf3 Re4 46. Rf8
Qc6 47. h5 Qd5 48. Rf7 Kg8 49. Rc7 Kh7 50. Rf7 Qc6 51. Rxf5 exf5 52. Qxf5+ Kg8
0-1

[Event "41. Torneo de Ajedrez Villa de Mislata"]
[Site "Mislata ESP"]
[Date "2007.08.23"]
[Round "2.10"]
[White "Castella Garcia, Fausto"]
[Black "Bordes Ibañez, Juan"]
[Result "1-0"]
[WhiteElo "2381"]
[BlackElo "2075"]
[PlyCount "62"]
[EventDate "2007.08.23"]
[EventType "swiss"]
[EventRounds "9"]
[EventCountry "ESP"]
[Source "lmi"]
[SourceDate "2007.08.23"]

1. e4 e6 2. Nf3 c5 3. Nc3 d5 4. exd5 exd5 5. Bb5+ Nc6 6. d4 Nf6 7. Ne5 Bd7 8.
Nxd7 Qxd7 9. Bg5 cxd4 10. Bxc6 bxc6 11. Bxf6 gxf6 12. Qxd4 Bg7 13. O-O-O O-O
14. Rd3 Qf5 15. Rg3 Qe5 16. Qh4 Kh8 17. f4 Qf5 18. Rf3 d4 19. Ne2 Rad8 20. Rd1
c5 21. Rh3 Rfe8 22. Ng3 Qg6 23. Kb1 f5 24. Qh5 c4 25. Qxf5 d3 26. c3 Rb8 27.
Qxg6 fxg6 28. Kc1 Rb5 29. Nf1 Reb8 30. Nd2 Rxb2 31. Nxc4 Rc2# 1-0

[Event "41. Torneo de Ajedrez Villa de Mislata"]
[Site "Mislata ESP"]
[Date "2007.08.23"]
[Round "2.11"]
[White "Penades Ordaz, Carlos"]
[Black "Alonso Moyano, Jonathan"]
[Result "0-1"]
[WhiteElo "2067"]
[BlackElo "2372"]
[PlyCount "100"]
[EventDate "2007.08.23"]
[EventType "swiss"]
[EventRounds "9"]
[EventCountry "ESP"]
[Source "lmi"]
[SourceDate "2007.08.23"]

1. e4 c5 2. Nf3 d6 3. c4 Nf6 4. Nc3 Bg4 5. Be2 Nc6 6. O-O g6 7. d3 Bg7 8. Rb1
O-O 9. Bg5 h6 10. Bd2 a6 11. a3 Rb8 12. b4 cxb4 13. axb4 b5 14. cxb5 axb5 15.
Ne1 Bxe2 16. Qxe2 Nd4 17. Qd1 Nd7 18. Nf3 Nxf3+ 19. Qxf3 Ne5 20. Qe2 Nc6 21.
Rfc1 Nd4 22. Qd1 Qd7 23. Ne2 Nxe2+ 24. Qxe2 Rfc8 25. Qd1 Qe6 26. g3 h5 27. Kg2
h4 28. g4 Bf6 29. h3 Ra8 30. g5 Bd4 31. Be1 Ra2 32. Rxc8+ Qxc8 33. Rc1 Qe6 34.
Rc7 Ra3 35. Qe2 Qb3 36. Rc8+ Kg7 37. Rb8 Qxd3 38. Qg4 d5 39. exd5 Be5 40. d6
Bxd6 41. Rd8 Qd5+ 42. Kf1 Qh1+ 43. Ke2 Ra2+ 44. Bd2 Qd5 45. Qf4 Bxf4 46. Rxd5
e6 47. Rd7 Bxg5 48. Kd1 Rxd2+ 49. Rxd2 Bxd2 50. Kxd2 Kf6 0-1

[Event "41. Torneo de Ajedrez Villa de Mislata"]
[Site "Mislata ESP"]
[Date "2007.08.23"]
[Round "2.12"]
[White "Reig Muñoz, Jose"]
[Black "Berrocal Farina, Jorge"]
[Result "1/2-1/2"]
[WhiteElo "2052"]
[BlackElo "2353"]
[PlyCount "119"]
[EventDate "2007.08.23"]
[EventType "swiss"]
[EventRounds "9"]
[EventCountry "ESP"]
[Source "lmi"]
[SourceDate "2007.08.23"]

1. e4 e6 2. d4 d5 3. Nd2 c5 4. Ngf3 Nf6 5. exd5 Qxd5 6. Bc4 Qd8 7. O-O Nc6 8.
Nb3 cxd4 9. Nbxd4 Nxd4 10. Nxd4 Qc7 11. Bb3 Bd7 12. c3 Bd6 13. Kh1 O-O-O 14.
Bg5 h6 15. Bxf6 gxf6 16. Qh5 Rh7 17. Rad1 Qc5 18. Qxc5+ Bxc5 19. Bc2 Rg7 20. f4
f5 21. Rd2 Bc6 22. Bd1 Bxd4 23. cxd4 Bd5 24. b3 f6 25. Kg1 Rc7 26. Kf2 Be4 27.
Be2 Rc3 28. Bc4 Rd6 29. Rfd1 a6 30. a4 Kc7 31. a5 h5 32. h4 Rd7 33. Bxe6 Rg7
34. Rg1 Rg4 35. g3 Rf3+ 36. Ke1 Rgxg3 37. Rxg3 Rxg3 38. Bf7 Rh3 39. Bxh5 Rxh4
40. Bf7 Kd6 41. Bc4 Rh1+ 42. Ke2 Ra1 43. Ke3 Rxa5 44. Rh2 b5 45. Bf7 Ra1 46.
Rh8 Ke7 47. Rh7 Re1+ 48. Kd2 Rh1 49. Rxh1 Bxh1 50. Bg6 Be4 51. b4 Kd6 52. Kc3
Kc6 53. Bh7 Kb6 54. d5 a5 55. bxa5+ Kxa5 56. Bg8 b4+ 57. Kc4 b3 58. Kxb3 Kb5
59. Kc3 Kc5 60. Be6 1/2-1/2

[Event "41. Torneo de Ajedrez Villa de Mislata"]
[Site "Mislata ESP"]
[Date "2007.08.23"]
[Round "2.13"]
[White "Camarena Gimenez, Rufino"]
[Black "Navarro Mora, Jesualdo"]
[Result "1-0"]
[WhiteElo "2332"]
[BlackElo "2056"]
[PlyCount "73"]
[EventDate "2007.08.23"]
[EventType "swiss"]
[EventRounds "9"]
[EventCountry "ESP"]
[Source "lmi"]
[SourceDate "2007.08.23"]

1. Nf3 Nf6 2. g3 e6 3. Bg2 Be7 4. O-O O-O 5. d3 d6 6. e4 e5 7. Nbd2 h6 8. c3
Be6 9. d4 exd4 10. Nxd4 Bg4 11. Qb3 Bc8 12. Nf5 Nbd7 13. Qc2 Ne5 14. Nxe7+ Qxe7
15. b3 Bg4 16. f3 Bd7 17. c4 h5 18. f4 Nc6 19. h3 a5 20. a3 Rfe8 21. Bb2 Bc8
22. Qc3 Qf8 23. Kh2 Nd7 24. Bf3 Nc5 25. Rae1 Re6 26. g4 hxg4 27. hxg4 Bd7 28.
Kg3 Rh6 29. Rh1 Rxh1 30. Rxh1 Ne7 31. g5 Ng6 32. Qe3 Bc6 33. Qg1 Nxf4 34. Kxf4
Nd3+ 35. Ke3 Nxb2 36. Qh2 f5 37. g6 1-0

[Event "41. Torneo de Ajedrez Villa de Mislata"]
[Site "Mislata ESP"]
[Date "2007.08.23"]
[Round "2.14"]
[White "Martinez Cuevas, Luis"]
[Black "Vega Gutierrez, Sabrina"]
[Result "0-1"]
[WhiteElo "2048"]
[BlackElo "2321"]
[PlyCount "79"]
[EventDate "2007.08.23"]
[EventType "swiss"]
[EventRounds "9"]
[EventCountry "ESP"]
[Source "lmi"]
[SourceDate "2007.08.23"]

1. e4 c5 2. c3 d5 3. exd5 Qxd5 4. d4 e6 5. Nf3 Nf6 6. Be2 cxd4 7. cxd4 Nc6 8.
O-O Be7 9. Nc3 Qd6 10. Re1 O-O 11. h3 a6 12. Bg5 Rd8 13. Be3 b5 14. Rc1 Bb7 15.
Bd3 Nb4 16. Bb1 Nbd5 17. Qe2 Nf4 18. Bxf4 Qxf4 19. Ne4 Nxe4 20. Bxe4 Bxe4 21.
Qxe4 Qxe4 22. Rxe4 Bf6 23. Kf1 Rac8 24. Rd1 Rd5 25. Ke2 Kf8 26. Rd3 Rc6 27. Rc3
Rcd6 28. Rc5 Bd8 29. Rxd5 Rxd5 30. Kd3 Bb6 31. b4 Rd6 32. Re2 f6 33. Kc3 Ke7
34. Rc2 Kd7 35. Rd2 Rc6+ 36. Kd3 Rc4 37. a3 Kd6 38. Ke4 f5+ 39. Kf4 Kd5 40. Rd3
0-1

[Event "41. Torneo de Ajedrez Villa de Mislata"]
[Site "Mislata ESP"]
[Date "2007.08.23"]
[Round "2.15"]
[White "Sospedra Sebastian, Juan"]
[Black "Martinez Hernandez, Javier"]
[Result "1-0"]
[WhiteElo "2303"]
[BlackElo "2052"]
[PlyCount "49"]
[EventDate "2007.08.23"]
[EventType "swiss"]
[EventRounds "9"]
[EventCountry "ESP"]
[Source "lmi"]
[SourceDate "2007.08.23"]

1. d4 Nf6 2. c4 d6 3. Nc3 e5 4. Nf3 e4 5. Nd2 Qe7 6. Nb3 Bf5 7. d5 Nbd7 8. Nd4
g6 9. h3 Nc5 10. b4 Nd3+ 11. exd3 exd3+ 12. Be3 Bh6 13. Qd2 O-O 14. O-O-O Bg7
15. Nxf5 gxf5 16. Bxd3 b5 17. Rhe1 Ne4 18. Bxe4 fxe4 19. Bd4 f5 20. g4 a5 21.
gxf5 axb4 22. Nxe4 Rxf5 23. Bxg7 Kxg7 24. Ng3 Re5 25. Nf5+ 1-0

[Event "41. Torneo de Ajedrez Villa de Mislata"]
[Site "Mislata ESP"]
[Date "2007.08.23"]
[Round "2.16"]
[White "Ballester Llagaria, Luis Eduardo"]
[Black "Gomez Jurado, Luis Alberto"]
[Result "0-1"]
[WhiteElo "2002"]
[BlackElo "2301"]
[PlyCount "68"]
[EventDate "2007.08.23"]
[EventType "swiss"]
[EventRounds "9"]
[EventCountry "ESP"]
[Source "lmi"]
[SourceDate "2007.08.23"]

1. e4 c5 2. Nf3 Nc6 3. d4 cxd4 4. Nxd4 Nf6 5. Nc3 e5 6. Ndb5 d6 7. Bg5 a6 8.
Na3 b5 9. Nd5 Be7 10. Bxf6 Bxf6 11. c4 O-O 12. Be2 Nd4 13. O-O Bg5 14. b3 Qa5
15. Nc2 Nxe2+ 16. Qxe2 bxc4 17. bxc4 Be6 18. Nce3 g6 19. g3 Qc5 20. Rfd1 f5 21.
exf5 gxf5 22. f4 Bh6 23. Kh1 Rae8 24. Qd3 Kh8 25. Rab1 Bd7 26. Rb7 Bc6 27. Rb2
exf4 28. Nxf5 Rxf5 29. Qxf5 Qxc4 30. gxf4 Bxd5+ 31. Qxd5 Re1+ 32. Kg2 Qf1+ 33.
Kg3 Re3+ 34. Kg4 Qh3# 0-1

[Event "41. Torneo de Ajedrez Villa de Mislata"]
[Site "Mislata ESP"]
[Date "2007.08.23"]
[Round "2.17"]
[White "Ipatov, Alexander"]
[Black "Garcia Martinez, Cesar"]
[Result "1-0"]
[WhiteElo "2298"]
[BlackElo "2035"]
[PlyCount "87"]
[EventDate "2007.08.23"]
[EventType "swiss"]
[EventRounds "9"]
[EventCountry "ESP"]
[Source "lmi"]
[SourceDate "2007.08.23"]

1. d4 f5 2. c4 e6 3. Nc3 Nf6 4. Bg5 Bb4 5. Rc1 O-O 6. g3 d5 7. Qb3 Nc6 8. e3
Kh8 9. Bg2 Bxc3+ 10. Qxc3 Ne7 11. Bxf6 gxf6 12. Ne2 c6 13. Nf4 Ng6 14. Nd3 dxc4
15. Qxc4 e5 16. O-O e4 17. Nc5 Qd6 18. f3 exf3 19. Bxf3 Ne7 20. a3 a5 21. Qb3
Rb8 22. Qb6 Rg8 23. Nd3 Nd5 24. Bxd5 Qxd5 25. Nf4 Qe4 26. Rc3 Be6 27. Qxa5 b6
28. Qa7 Bd5 29. Nxd5 Qxd5 30. Qc7 c5 31. Qf4 cxd4 32. Qxd4 Qe6 33. Qf4 Rbc8 34.
Qxf5 Qxf5 35. Rxf5 Rxc3 36. bxc3 Kg7 37. Rb5 Rc8 38. Rb3 b5 39. Kf2 Rc5 40. e4
Kf7 41. Ke3 Ke6 42. Kd4 Rc4+ 43. Kd3 Ke5 44. Rxb5+ 1-0

[Event "41. Torneo de Ajedrez Villa de Mislata"]
[Site "Mislata ESP"]
[Date "2007.08.23"]
[Round "2.18"]
[White "De Francisco y De Diego, Felipe"]
[Black "Peña Riascos, Alexander"]
[Result "0-1"]
[WhiteElo "1999"]
[BlackElo "2296"]
[PlyCount "44"]
[EventDate "2007.08.23"]
[EventType "swiss"]
[EventRounds "9"]
[EventCountry "ESP"]
[Source "lmi"]
[SourceDate "2007.08.23"]

1. d4 Nf6 2. c4 g6 3. Nc3 Bg7 4. e4 d6 5. f3 O-O 6. Be3 e5 7. Nge2 Nc6 8. g4
Bxg4 9. fxg4 Nxg4 10. Bg1 Qh4+ 11. Ng3 exd4 12. Nd5 Be5 13. Qf3 f5 14. O-O-O
fxe4 15. Qxe4 Qh6+ 16. Kb1 Nf2 17. Bxf2 Rxf2 18. Bg2 Raf8 19. Rd3 Rd2 20. Rf3
Rxf3 21. Qxf3 d3 22. Nc3 Rxb2+ 0-1

[Event "41. Torneo de Ajedrez Villa de Mislata"]
[Site "Mislata ESP"]
[Date "2007.08.23"]
[Round "2.19"]
[White "Martinez Martinez, Jesus"]
[Black "Torres Sanchez, Jose"]
[Result "0-1"]
[WhiteElo "2292"]
[BlackElo "1987"]
[PlyCount "70"]
[EventDate "2007.08.23"]
[EventType "swiss"]
[EventRounds "9"]
[EventCountry "ESP"]
[Source "lmi"]
[SourceDate "2007.08.23"]

1. Nf3 Nf6 2. c4 c5 3. Nc3 g6 4. g3 Bg7 5. Bg2 O-O 6. O-O Nc6 7. d3 d5 8. cxd5
Nxd5 9. Bd2 Nc7 10. a3 h6 11. Rb1 a5 12. Be3 b6 13. Ne5 Nxe5 14. Bxa8 Nxa8 15.
Qc2 Bh3 16. Rfd1 Nc6 17. Nb5 Qd5 18. f3 Nd4 19. Nxd4 Bxd4 20. Bf2 Bxf2+ 21.
Kxf2 Nc7 22. d4 Qh5 23. Kg1 Ne6 24. dxc5 bxc5 25. Rbc1 Nd4 26. Qxc5 Nxe2+ 27.
Kf2 Nxc1 28. Rxc1 Qxc5+ 29. Rxc5 Rc8 30. Rxa5 Rc2+ 31. Ke3 Rxb2 32. g4 Rxh2 33.
Kf4 Bf1 34. Kg3 Rg2+ 35. Kf4 g5+ 0-1

[Event "41. Torneo de Ajedrez Villa de Mislata"]
[Site "Mislata ESP"]
[Date "2007.08.23"]
[Round "2.20"]
[White "Asensio Lisan, Teodoro"]
[Black "Navarro Diaz, Carles"]
[Result "1-0"]
[WhiteElo "2276"]
[BlackElo "2031"]
[PlyCount "105"]
[EventDate "2007.08.23"]
[EventType "swiss"]
[EventRounds "9"]
[EventCountry "ESP"]
[Source "lmi"]
[SourceDate "2007.08.23"]

1. c4 Nf6 2. Nf3 d6 3. g3 g6 4. d4 Bg7 5. Bg2 O-O 6. Nc3 Nbd7 7. O-O c6 8. h3
e5 9. e4 Re8 10. Re1 Qc7 11. Rb1 Nf8 12. Qc2 Ne6 13. Be3 Bd7 14. b3 b5 15. d5
cxd5 16. exd5 Nf8 17. Nd2 Bf5 18. Nxb5 Qd7 19. Ne4 Nxd5 20. Rbd1 Nxe3 21. Rxe3
Qe7 22. Nbxd6 Red8 23. Nxf5 gxf5 24. Nd6 Rab8 25. Nxf5 Qf6 26. Rde1 Ng6 27. Bd5
Rd7 28. Qe4 Bf8 29. Qg4 Kh8 30. Rf3 Qd8 31. Ne3 Qe8 32. h4 Bb4 33. Re2 e4 34.
Rf5 Re7 35. Qg5 Bc3 36. h5 Nf8 37. Ng4 Ne6 38. Qe3 Ba1 39. Bxe6 Rxe6 40. Qxa7
Re7 41. Qe3 Qd7 42. Rf4 f5 43. Qc1 Bd4 44. Ne3 Rf7 45. Rd2 Rd8 46. Qd1 Qa7 47.
Rxf5 Rxf5 48. Nxf5 Bxf2+ 49. Kg2 Rxd2 50. Qxd2 Bb6 51. c5 Qf7 52. Qd4+ Kg8 53.
Nh6+ 1-0

[Event "41. Torneo de Ajedrez Villa de Mislata"]
[Site "Mislata ESP"]
[Date "2007.08.24"]
[Round "3.1"]
[White "Sanchez Romero, Miguel Angel"]
[Black "Hernandez, Holden"]
[Result "0-1"]
[WhiteElo "2261"]
[BlackElo "2544"]
[PlyCount "80"]
[EventDate "2007.08.23"]
[EventType "swiss"]
[EventRounds "9"]
[EventCountry "ESP"]
[Source "lmi"]
[SourceDate "2007.08.23"]

1. e4 c5 2. Nf3 d6 3. Bb5+ Nc6 4. O-O Bd7 5. Re1 Nf6 6. c3 a6 7. Ba4 b5 8. Bc2
Bg4 9. h3 Bh5 10. a4 Rb8 11. axb5 axb5 12. g4 Bg6 13. d4 cxd4 14. Nxd4 Qb6 15.
Be3 Nxd4 16. Bxd4 Qc6 17. Bxf6 gxf6 18. f4 h5 19. f5 Bh7 20. Qd4 Rg8 21. Nd2
hxg4 22. h4 Bh6 23. Nf1 Bf4 24. Bb3 Be5 25. Qd5 Qxd5 26. Bxd5 Kf8 27. Kg2 b4
28. Ng3 bxc3 29. bxc3 Bxc3 30. Reb1 Kg7 31. Rxb8 Rxb8 32. Ra2 Be5 33. Nf1 e6
34. fxe6 fxe6 35. Ra7+ Kh6 36. Rb7 Rc8 37. Rxh7+ Kxh7 38. Bxe6 Rc2+ 39. Kg1 g3
40. h5 Bd4+ 0-1

[Event "41. Torneo de Ajedrez Villa de Mislata"]
[Site "Mislata ESP"]
[Date "2007.08.24"]
[Round "3.2"]
[White "Cabrera Pino, Alexis"]
[Black "Buenafe Moya, Javier"]
[Result "1/2-1/2"]
[WhiteElo "2514"]
[BlackElo "2264"]
[PlyCount "92"]
[EventDate "2007.08.23"]
[EventType "swiss"]
[EventRounds "9"]
[EventCountry "ESP"]
[Source "lmi"]
[SourceDate "2007.08.23"]

1. d4 g6 2. c4 Bg7 3. Nc3 c5 4. d5 Bxc3+ 5. bxc3 f5 6. h4 Nf6 7. h5 Qa5 8. hxg6
Qxc3+ 9. Bd2 Qxc4 10. Nf3 Qxd5 11. Bc3 Qxd1+ 12. Rxd1 O-O 13. gxh7+ Nxh7 14.
Ne5 Nc6 15. Ng6 Rf6 16. Nxe7+ Nxe7 17. Rxh7 Re6 18. Rh8+ Kf7 19. e3 d5 20. Be2
d4 21. exd4 Nd5 22. Bd2 b6 23. Rh6 cxd4 24. Kf1 Rxh6 25. Bxh6 Nc3 26. Bh5+ Ke6
27. Re1+ Kf6 28. Bf4 Ba6+ 29. Kg1 Rd8 30. Kh2 d3 31. Be5+ Kg5 32. Bxc3 Kxh5 33.
Bd2 Bc4 34. Re7 Bxa2 35. Rxa7 Bd5 36. Rh7+ Kg6 37. Rh6+ Kf7 38. Rxb6 Rh8+ 39.
Rh6 Rxh6+ 40. Bxh6 Bc4 41. Kg3 Ba6 42. Be3 Bb7 43. f3 Bc6 44. Kf4 Bd7 45. Ke5
Bc8 46. Bd2 Bd7 1/2-1/2

[Event "41. Torneo de Ajedrez Villa de Mislata"]
[Site "Mislata ESP"]
[Date "2007.08.24"]
[Round "3.3"]
[White "Garcia Vazquez, Jhoel"]
[Black "Komljenovic, Davor"]
[Result "0-1"]
[WhiteElo "2229"]
[BlackElo "2487"]
[PlyCount "59"]
[EventDate "2007.08.23"]
[EventType "swiss"]
[EventRounds "9"]
[EventCountry "ESP"]
[Source "lmi"]
[SourceDate "2007.08.23"]

1. e4 c5 2. Nf3 d6 3. d4 cxd4 4. Nxd4 Nf6 5. Nc3 a6 6. Bc4 e6 7. Bb3 Nbd7 8. f4
Nc5 9. f5 b5 10. Qe2 Qc7 11. fxe6 fxe6 12. O-O Be7 13. Bg5 O-O 14. Kh1 Bd7 15.
Nf5 Bd8 16. Nd4 b4 17. Nd1 Nxb3 18. cxb3 e5 19. Rc1 Qb7 20. Nf5 Bb5 21. Rc4
Nxe4 22. Nh6+ gxh6 23. Rxf8+ Kxf8 24. Bxh6+ Ke7 25. Qxe4 Qxe4 26. Rxe4 a5 27.
Ne3 Ke6 28. Nc4 Bc7 29. Re1 Rg8 30. Kg1 0-1

[Event "41. Torneo de Ajedrez Villa de Mislata"]
[Site "Mislata ESP"]
[Date "2007.08.24"]
[Round "3.4"]
[White "Abreu Delgado, Aryram"]
[Black "Pavia Miralles, Jose Manuel"]
[Result "1-0"]
[WhiteElo "2486"]
[BlackElo "2258"]
[PlyCount "59"]
[EventDate "2007.08.23"]
[EventType "swiss"]
[EventRounds "9"]
[EventCountry "ESP"]
[Source "lmi"]
[SourceDate "2007.08.23"]

1. e4 c5 2. Nf3 d6 3. d4 cxd4 4. Nxd4 Nf6 5. Nc3 a6 6. Be3 e6 7. f3 b5 8. Qd2
Nbd7 9. g4 Nb6 10. a4 Nc4 11. Bxc4 bxc4 12. a5 Qc7 13. Na4 Nd7 14. Ne2 Be7 15.
Nb6 Rb8 16. Qc3 Bf6 17. Qxc4 Qxc4 18. Nxc4 d5 19. exd5 exd5 20. Nd6+ Ke7 21.
Nf5+ Kf8 22. Bd4 Bxd4 23. Nexd4 Rxb2 24. O-O-O Ra2 25. Nd6 Ke7 26. N4f5+ Kf6
27. g5+ Kxg5 28. Ne7 Bb7 29. Nxb7 Nf6 30. Rhg1+ 1-0

[Event "41. Torneo de Ajedrez Villa de Mislata"]
[Site "Mislata ESP"]
[Date "2007.08.24"]
[Round "3.5"]
[White "Martinez Tormo, Jorge"]
[Black "Castellanos Rodriguez, Renier"]
[Result "1/2-1/2"]
[WhiteElo "2203"]
[BlackElo "2471"]
[PlyCount "101"]
[EventDate "2007.08.23"]
[EventType "swiss"]
[EventRounds "9"]
[EventCountry "ESP"]
[Source "lmi"]
[SourceDate "2007.08.23"]

1. e4 c5 2. Nf3 d6 3. d4 cxd4 4. Nxd4 Nf6 5. Nc3 a6 6. f4 e6 7. Be3 b5 8. a3
Bb7 9. Bd3 Nbd7 10. Qf3 Rc8 11. O-O Be7 12. Qg3 g6 13. Nde2 Nc5 14. Bd4 O-O 15.
e5 Nh5 16. Qh3 Nxd3 17. cxd3 Qd7 18. g4 dxe5 19. fxe5 Ng7 20. Qe3 a5 21. Rac1
Rfd8 22. Ne4 Rxc1 23. Rxc1 Ne8 24. Rf1 Rc8 25. Rc1 Rxc1+ 26. Qxc1 Qd5 27. Qe3
Qb3 28. Kg2 Nc7 29. Kg3 b4 30. axb4 Nd5 31. Qd2 Bxb4 32. N2c3 a4 33. Bc5 Bxc5
34. Nxc5 Qb6 35. Nxb7 Qxb7 36. Nxa4 Qa7 37. Nc3 Qg1+ 38. Kh3 Ne3 39. Qe2 g5 40.
Ne4 Nd5 41. Nf6+ Nxf6 42. exf6 Qd4 43. Qf3 Qd8 44. b4 h6 45. b5 Qb6 46. Qa8+
Kh7 47. Qe4+ Kg8 48. Qe5 Qf2 49. Qe4 Qb6 50. Qa8+ Kh7 51. Qe4+ 1/2-1/2

[Event "41. Torneo de Ajedrez Villa de Mislata"]
[Site "Mislata ESP"]
[Date "2007.08.24"]
[Round "3.6"]
[White "Rodriguez Guerrero, Enrique"]
[Black "Garcia Ramos, Javier"]
[Result "1-0"]
[WhiteElo "2447"]
[BlackElo "2242"]
[PlyCount "45"]
[EventDate "2007.08.23"]
[EventType "swiss"]
[EventRounds "9"]
[EventCountry "ESP"]
[Source "lmi"]
[SourceDate "2007.08.23"]

1. e4 e6 2. d4 d5 3. Nc3 Nf6 4. e5 Nfd7 5. f4 c5 6. Nf3 Nc6 7. Be3 a6 8. Qd2 b5
9. dxc5 Nxc5 10. Qf2 Nd7 11. O-O-O Qa5 12. Kb1 b4 13. Ne2 Nc5 14. Ned4 Nxd4 15.
Nxd4 Ne4 16. Qe1 Qc7 17. Bd3 Bb7 18. Rf1 Bc5 19. f5 Qb6 20. fxe6 fxe6 21. Bxe4
dxe4 22. Nxe6 Qxe6 23. Bxc5 1-0

[Event "41. Torneo de Ajedrez Villa de Mislata"]
[Site "Mislata ESP"]
[Date "2007.08.24"]
[Round "3.7"]
[White "Astasio Lopez, David"]
[Black "Garcia Roman, Daniel"]
[Result "1-0"]
[WhiteElo "2176"]
[BlackElo "2427"]
[PlyCount "79"]
[EventDate "2007.08.23"]
[EventType "swiss"]
[EventRounds "9"]
[EventCountry "ESP"]
[Source "lmi"]
[SourceDate "2007.08.23"]

1. d4 Nf6 2. Nd2 d5 3. Ngf3 c5 4. e3 cxd4 5. exd4 Nc6 6. c3 a6 7. h3 Bf5 8. Nh4
Bg6 9. Nxg6 hxg6 10. Nf3 e6 11. Bd3 Bd6 12. O-O Qc7 13. Re1 Bf4 14. Bd2 Bxd2
15. Qxd2 O-O 16. Qg5 Nh7 17. Qg4 Rfe8 18. Re2 Qd8 19. Rae1 Nf6 20. Qh4 Nh7 21.
Qg4 Nf6 22. Qh4 Nh7 23. Qf4 Qf6 24. Qg4 Ne7 25. h4 Nf5 26. Qh3 Nh6 27. g4 Qf4
28. Ne5 Nf8 29. Kg2 g5 30. hxg5 Qxg5 31. Qg3 Rec8 32. f4 Qd8 33. g5 Nf5 34. Qh3
Ng6 35. Nxg6 fxg6 36. Rxe6 Rc6 37. Bxf5 gxf5 38. g6 Rxe6 39. Qh7+ Kf8 40. Rxe6
1-0

[Event "41. Torneo de Ajedrez Villa de Mislata"]
[Site "Mislata ESP"]
[Date "2007.08.24"]
[Round "3.8"]
[White "Gongora Reyes, Maikel"]
[Black "Monell Camarasa, David"]
[Result "1-0"]
[WhiteElo "2425"]
[BlackElo "2224"]
[PlyCount "35"]
[EventDate "2007.08.23"]
[EventType "swiss"]
[EventRounds "9"]
[EventCountry "ESP"]
[Source "lmi"]
[SourceDate "2007.08.23"]

1. e4 d5 2. exd5 Qxd5 3. Nc3 Qd8 4. d4 c6 5. Bc4 Nf6 6. Nf3 Bf5 7. Ne5 e6 8. g4
Bg6 9. h4 Bb4 10. f3 Nd5 11. Bd2 Nb6 12. Bb3 Qxd4 13. Qe2 Bd6 14. Nxg6 Bg3+ 15.
Kf1 hxg6 16. Ne4 Rxh4 17. Kg2 Rxh1 18. Rxh1 1-0

[Event "41. Torneo de Ajedrez Villa de Mislata"]
[Site "Mislata ESP"]
[Date "2007.08.24"]
[Round "3.9"]
[White "Mellado Triviño, Joan"]
[Black "Angulo Martinez, Jon"]
[Result "1-0"]
[WhiteElo "2389"]
[BlackElo "2198"]
[PlyCount "93"]
[EventDate "2007.08.23"]
[EventType "swiss"]
[EventRounds "9"]
[EventCountry "ESP"]
[Source "lmi"]
[SourceDate "2007.08.23"]

1. d4 Nf6 2. Bg5 c6 3. Nd2 d5 4. e3 Bf5 5. Bd3 Bxd3 6. cxd3 Qb6 7. Ngf3 Nbd7 8.
O-O h6 9. Bxf6 Nxf6 10. Ne5 g6 11. Nb3 Bg7 12. Nc5 Qc7 13. Rc1 O-O 14. b4 Rfc8
15. Qf3 b6 16. Nb3 Qd6 17. Rc2 Qxb4 18. Nxc6 Qd6 19. Rfc1 Rc7 20. Qg3 Qxg3 21.
hxg3 Ne8 22. Ne5 Bxe5 23. dxe5 Rac8 24. Rxc7 Rxc7 25. Rxc7 Nxc7 26. Nd4 Kf8 27.
f4 Ke8 28. g4 e6 29. Kf2 Kd7 30. Ke2 a6 31. Kd2 Ne8 32. Kc3 Nc7 33. f5 Ne8 34.
f6 Nc7 35. Kb4 Kc8 36. g5 h5 37. e4 dxe4 38. dxe4 Kd7 39. Kc4 Nb5 40. Nxb5
axb5+ 41. Kxb5 Kc7 42. g3 Kb7 43. a3 Kc7 44. Ka6 Kc6 45. a4 Kc7 46. Ka7 Kc6 47.
Kb8 1-0

[Event "41. Torneo de Ajedrez Villa de Mislata"]
[Site "Mislata ESP"]
[Date "2007.08.24"]
[Round "3.10"]
[White "Alonso Moyano, Jonathan"]
[Black "Plaza Pardo, Daniel"]
[Result "1-0"]
[WhiteElo "2372"]
[BlackElo "2174"]
[PlyCount "77"]
[EventDate "2007.08.23"]
[EventType "swiss"]
[EventRounds "9"]
[EventCountry "ESP"]
[Source "lmi"]
[SourceDate "2007.08.23"]

1. e4 c5 2. Nf3 Nc6 3. Bb5 g6 4. O-O Bg7 5. Re1 Nf6 6. e5 Nd5 7. Nc3 Nc7 8. Bc4
O-O 9. d3 h6 10. Bf4 a6 11. a4 b6 12. Qd2 Kh7 13. Ne4 Bb7 14. c3 Na5 15. Ba2
Bd5 16. c4 Bxe4 17. Rxe4 Rh8 18. d4 cxd4 19. Rxd4 Ne6 20. Rxd7 Qe8 21. Be3 Rc8
22. b3 Nc6 23. Bxb6 Nxe5 24. Nxe5 Bxe5 25. Rd1 Rc6 26. Qd5 Bxh2+ 27. Kxh2 Qb8+
28. Kg1 Qxb6 29. Rxe7 Rd8 30. Rxf7+ Kg8 31. Rd7 Rf8 32. Rd2 Rc5 33. Qb7 Qxb7
34. Rxb7 Re5 35. b4 a5 36. c5 axb4 37. Re7 Re1+ 38. Kh2 Rf6 39. Re8+ 1-0